| 000 | 00829cam a2200205 4500 | ||
|---|---|---|---|
| 001 | WB3719-34 | ||
| 008 | 000000n2001 000 0 eng u | ||
| 035 | _a(Sirsi) u112598 | ||
| 245 | _aNew heritage funding for run-down areas | ||
| 260 | _c2001 | ||
| 490 |
_aRegeneration and Renewal _v11 May 2001, 7(1) |
||
| 520 | _aNew funds are to be available for schemes to regenerate historic buildings in run-down and deprived urban and rural areas. English Heritage, government's adviser on the historic environment, has announced a £9m package of funding. This is the third round of the agency's Heritage Economic Regeneration Schemes. | ||
| 590 | _aWB | ||
| 650 | _aENGLISH HERITAGE | ||
| 650 | _aHISTORIC BUILDINGS | ||
| 650 | _aDEPRIVED AREAS | ||
| 650 | _aGOVERNMENT FUNDING | ||
| 690 | _aREGENERATION | ||
| 942 | _n0 | ||
| 999 |
_c67021 _d67021 |
||